000 00376nam a2200145Ia 4500
008 230718s9999 xx 000 0 und d
041 _aeng
082 _a336.24
_bMEH
100 _aMehta N.V.
245 _aIncome Tax
_bReady Reckoner Assessmentyear 2008-09
260 _bShri Kuber
365 _cRs.
_b450.00
700 _aMehta N.V.
906 _dB:471107-Jun-2008
_cOTH
_b45
999 _c318783
_d318783